Безопасность жизнедеятельности. Безопасность в чрезвычайных ситуациях природного и техногенного характера: учебное пособие для вузов

Detalhes bibliográficos
Outros Autores: Акимов В. А. Валерий Александрович, Богачев В. Я. Валентин Яковлевич, Владимирский В. К. Владислав Константинович, Воробьев Ю. Л. Юрий Леонидович, Кукин П. П. Павел Павлович, Лапин В. Л. Валерий Львович
Resumo:В книге даны анализ природной и техногенной безопасности, характеристики чрезвычайных ситуаций. Рассмотрены различного рода воздействия на человека, природную среду и техносферу, имеющие место при чрезвычайных ситуациях. Приведена методология управления природными и техногенными рисками. Раскрыто содержание мер по защите населения и территорий от чрезвычайных ситуаций, ликвидации их последствий, повышению устойчивости функционирования в этих условиях объектов экономики. Показаны возможности современного оружия и мероприятия по защите от военной опасности. Названы способы возмещения ущерба при чрезвычайных ситуациях.Для студентов вузов.
Idioma:russo
Publicado em: Москва, Высшая школа, 2008
Edição:3-е изд., испр.
Assuntos:
Formato: Livro
KOHA link:https://koha.lib.tpu.ru/cgi-bin/koha/opac-detail.pl?biblionumber=157926

MARC

LEADER 00000nam0a2200000 4500
001 157926
005 20231101222011.0
010 |a 9785060060829 
035 |a (RuTPU)RU\TPU\book\171299 
035 |a RU\TPU\book\156026 
090 |a 157926 
100 |a 20090415d2008 m y0rusy50 ca 
101 0 |a rus 
102 |a RU 
105 |a a j 001zy 
200 1 |a Безопасность жизнедеятельности. Безопасность в чрезвычайных ситуациях природного и техногенного характера  |e учебное пособие для вузов  |f В. А. Акимов [и др.] 
205 |a 3-е изд., испр. 
210 |a Москва  |c Высшая школа  |d 2008 
215 |a 592 с.  |c ил. 
320 |a Библиогр.: с. 581-582. 
330 |a В книге даны анализ природной и техногенной безопасности, характеристики чрезвычайных ситуаций. Рассмотрены различного рода воздействия на человека, природную среду и техносферу, имеющие место при чрезвычайных ситуациях. Приведена методология управления природными и техногенными рисками. Раскрыто содержание мер по защите населения и территорий от чрезвычайных ситуаций, ликвидации их последствий, повышению устойчивости функционирования в этих условиях объектов экономики. Показаны возможности современного оружия и мероприятия по защите от военной опасности. Названы способы возмещения ущерба при чрезвычайных ситуациях.Для студентов вузов. 
451 1 |0 (RuTPU)RU\TPU\book\156026  |y 978-5-06-004895-7  |t Безопасность жизнедеятельности. Безопасность в чрезвычайных ситуациях природного и техногенного характера  |o учебное пособие для вузов  |f В. А. Акимов [и др.]  |e 2-е изд., перераб.  |c М.  |n Высшая школа  |d 2007  |p 592 с. 
606 1 |a Безопасность жизнедеятельности  |2 stltpush  |3 (RuTPU)RU\TPU\subj\27856  |9 51540 
610 1 |a природная безопасность 
610 1 |a техногенная безопасность 
610 1 |a чрезвычайные ситуации 
610 1 |a таксономия 
610 1 |a риски 
610 1 |a психологические аспекты 
610 1 |a физиологические аспекты 
610 1 |a прогнозирование 
610 1 |a государственная политика 
610 1 |a военные действия 
610 1 |a химическое оружие 
610 1 |a ядерное оружие 
610 1 |a биологическое оружие 
610 1 |a терроризм 
610 1 |a гражданская оборона 
610 1 |a экологический ущерб 
610 1 |a материальный ущерб 
610 1 |a моральный ущерб 
610 1 |a экономический ущерб 
610 1 |a учебные пособия 
675 |a 614.8(075.8)  |v 3 
701 1 |a Акимов  |b В. А.  |g Валерий Александрович 
701 1 |a Богачев  |b В. Я.  |g Валентин Яковлевич 
701 1 |a Владимирский  |b В. К.  |g Владислав Константинович 
701 1 |a Воробьев  |b Ю. Л.  |g Юрий Леонидович 
701 1 |a Кукин  |b П. П.  |g Павел Павлович 
701 1 |a Лапин  |b В. Л.  |g Валерий Львович 
801 1 |a RU  |b 63413507  |c 20080926  |g PSBO 
801 2 |a RU  |b 63413507  |c 20150529  |g PSBO 
900 |a Безопасность жизнедеятельности 
942 |c BK 
952 |a 510000  |a 520000  |a 550000 
959 |a 82/20080924  |d 2  |e 465,00  |f АНЛ:1  |f ЧЗТЛ:1 
959 |a 36/20090313  |d 2  |e 599,50  |f АНЛ:1  |f ЧЗТЛ:1